000 00766nam a2200253 a 4500
001 000027383
003 DO-SdBNP
005 20220822144637.0
007 ta
008 110331s1944 mx a 000 0 spa d
040 _aDO-SdBNP
_bspa
_cBNPHU
082 _axxxx
_bH831
245 0 0 _aHostos /
_cprólogo y selección de Pedro del Alba.
260 _aMéxico, :
_bSecretaria de Educación Pública,
_c1944.
300 _axxvix, 264 p. :
_bil. ;
_c23 cm.
490 1 _aEl pensamiento de América ;
500 _aIncluye notas al pie de las páginas.
504 _aBibliografía : p. 263-264
590 _aInventariado, 2022/ YL
700 1 _aAlba, Pedro del
_954456
830 _pEl pensamiento de América
_982220
910 _aYLockward
942 _2ddc
_cLBS1
999 _c26875
_d26875